| 000 | 00507cam a2200157 4500500 | ||
|---|---|---|---|
| 005 | 20260405002256.0 | ||
| 041 | _afre | ||
| 042 | _adc | ||
| 100 | 1 | 0 |
_aPortevin, Catherine _eauthor |
| 245 | 0 | 0 | _aPendant que j’y pense / septembre 2016 |
| 260 | _c2016. | ||
| 500 | _a60 | ||
| 690 | _aRaphaël Enthoven | ||
| 786 | 0 | _nPhilosophie magazine | 102 | 9 | 2016-09-01 | p. 67-67 | 1951-1787 | |
| 856 | 4 | 1 | _uhttps://shs.cairn.info/magazine-philosophie-magazine-2016-9-page-67?lang=fr&redirect-ssocas=7080 |
| 999 |
_c2056156 _d2056156 |
||